| 000 | 00474 a2200157 4500 | ||
|---|---|---|---|
| 020 | _a8175153059 | ||
| 040 | _aDLC | ||
| 082 | _a658.84 | ||
| 100 | _aJaiswal, S. | ||
| 245 |
_aDoing business on the internet e-commerce _cS. Jaiswal. |
||
| 260 |
_aNew Delhi : _bGalgotia Publications pvt. Ltd, _cc2001. |
||
| 300 |
_axxiv, 564 p. : _bill. ; _c23cm. |
||
| 500 | _aIncludes bibliographical references and index. | ||
| 650 | _aElectronic Commerce. | ||
| 942 |
_cBK _k658.84 JAI _2ddc |
||
| 999 |
_c8775 _d8775 |
||